00000000nam 2200000zi 4500
0019.945671
003CaOODSP
00520250116165532
006m     o  d f      
007cr mn|||||||||
008241127s1950    oncdo   o    f000 0 fre d
040 |aCaOODSP|bfre|erda|cCaOODSP
043 |an-cn-qu
0861 |aA52-196/1950F-PDF
1001 |aChercuitte, V., |eauteur.
24510|aCompte rendu de vingt-cinq ans de recherches apicoles (1923-1947) à la Station expérimentale fédérale de Sainte-Anne-de-la-Pocatière / |cV. Chercuitte et B. Forest.
264 1|aOttawa : |bMinistère de l'agriculture, Service des fermes expérimentales, |c1950.
300 |a1 ressource en ligne (34 pages) : |bgraphiques, photographies
336 |atexte|btxt|2rdacontent/fre
337 |ainformatique|bc|2rdamedia/fre
338 |aressource en ligne|bcr|2rdacarrier/fre
500 |aÉdition numérisée de l'imprimé [par Agriculture et agroalimentaire Canada].
520 |a« Ce bulletin, comme son nom l'indique, est un compte rendu des travaux de recherches apicoles qui ont été poursuivis sur cette station au cours des vingt-cinq dernières années (1923-1947). Nous avons cherché à y présenter, sous une forme aussi condensée que possible, les problèmes apicoles qui ont fait l'objet de recherches et les résultats obtenus. Nous croyons qu'il rendra service aux apiculteurs progressifs de notre province et à ceux du bas-de-Québec en particulier » -- Introduction, page 5.
61025|aStation expérimentale (Sainte-Anne-de-la-Pocatière, Québec)
61025|aExperimental Station (Sainte-Anne-de-la-Pocatière, Québec)
650 6|aStations agronomiques|zQuébec (Province)|zLa Pocatière.
650 6|aApiculture|xRecherche|zQuébec (Province)|zLa Pocatière.
650 0|aAgricultural experiment stations|zQuébec (Province)|zLa Pocatière.
650 0|aBee culture|xResearch|zQuébec (Province)|zLa Pocatière.
7101 |aCanada. |bService des fermes expérimentales, |eorganisme de publication.
85640|qPDF|s6.63 Mo|uhttps://publications.gc.ca/collections/collection_2024/aac-aafc/A52-196-1950-fra.pdf